<?xml version="1.0" encoding="UTF-8"?>
<record
    xmlns:xsi="http://www.w3.org/2001/XMLSchema-instance"
    xsi:schemaLocation="http://www.loc.gov/MARC21/slim http://www.loc.gov/standards/marcxml/schema/MARC21slim.xsd"
    xmlns="http://www.loc.gov/MARC21/slim">

  <leader>02079nam a22002417a 4500</leader>
  <controlfield tag="003">Uzh_bibl</controlfield>
  <controlfield tag="008">260525b        |||||||| |||| 00| 0 ukr d</controlfield>
  <datafield tag="020" ind1=" " ind2=" ">
    <subfield code="a">978-1-4052-5591-2</subfield>
    <subfield code="c">100.00</subfield>
  </datafield>
  <datafield tag="040" ind1=" " ind2=" ">
    <subfield code="b">&#x443;&#x43A;&#x440;.</subfield>
  </datafield>
  <datafield tag="041" ind1=" " ind2=" ">
    <subfield code="2">eng</subfield>
    <subfield code="a">eng</subfield>
  </datafield>
  <datafield tag="080" ind1=" " ind2=" ">
    <subfield code="a">821(410)</subfield>
  </datafield>
  <datafield tag="090" ind1=" " ind2=" ">
    <subfield code="a">821(410)</subfield>
    <subfield code="b">&#x41C; 83</subfield>
  </datafield>
  <datafield tag="100" ind1=" " ind2=" ">
    <subfield code="a"> Morpurgo, Michael </subfield>
  </datafield>
  <datafield tag="245" ind1=" " ind2=" ">
    <subfield code="a">Long Way Home</subfield>
    <subfield code="h">Text</subfield>
  </datafield>
  <datafield tag="260" ind1=" " ind2=" ">
    <subfield code="a">London</subfield>
    <subfield code="b"> Egmont UK Limited</subfield>
    <subfield code="c">2010</subfield>
  </datafield>
  <datafield tag="300" ind1=" " ind2=" ">
    <subfield code="a">150 s.</subfield>
  </datafield>
  <datafield tag="520" ind1=" " ind2=" ">
    <subfield code="a">Since the beginning of time, strange and mysterious things have happened here...At the furthest edge of Britain, where the sea gently washes over the land and myths brush against reality, lies Zennor. Set in a churchtown where men become beats and ghosts roam freely, these are haunting and unforgettable tales where magic lies around every corner.&#x417;&#x432;&#x43E;&#x440;&#x443;&#x448;&#x43B;&#x438;&#x432;&#x430; &#x456;&#x441;&#x442;&#x43E;&#x440;&#x456;&#x44F; &#x43F;&#x440;&#x43E; &#x441;&#x438;&#x440;&#x43E;&#x442;&#x443;-&#x445;&#x43B;&#x43E;&#x43F;&#x447;&#x438;&#x43A;&#x430;, &#x44F;&#x43A;&#x438;&#x439; &#x448;&#x443;&#x43A;&#x430;&#x454; &#x440;&#x43E;&#x434;&#x438;&#x43D;&#x443;, &#x432;&#x456;&#x434; &#x430;&#x432;&#x442;&#x43E;&#x440;&#x430; &#xAB;&#x412;&#x456;&#x439;&#x441;&#x44C;&#x43A;&#x43E;&#x432;&#x43E;&#x433;&#x43E; &#x43A;&#x43E;&#x43D;&#x44F;&#xBB; &#x442;&#x430; &#x43A;&#x43E;&#x43B;&#x438;&#x448;&#x43D;&#x44C;&#x43E;&#x433;&#x43E; &#x43B;&#x430;&#x443;&#x440;&#x435;&#x430;&#x442;&#x430; &#x434;&#x438;&#x442;&#x44F;&#x447;&#x43E;&#x457; &#x43F;&#x440;&#x435;&#x43C;&#x456;&#x457; &#x41C;&#x430;&#x439;&#x43A;&#x43B;&#x430; &#x41C;&#x43E;&#x440;&#x43F;&#x443;&#x440;&#x433;&#x43E;.

&#x429;&#x435; &#x43E;&#x434;&#x43D;&#x435; &#x43B;&#x456;&#x442;&#x43E;. &#x429;&#x435; &#x43E;&#x434;&#x43D;&#x430; &#x43F;&#x440;&#x438;&#x439;&#x43E;&#x43C;&#x43D;&#x430; &#x441;&#x456;&#x43C;'&#x44F;. &#x414;&#x436;&#x43E;&#x440;&#x434;&#x436; &#x443;&#x436;&#x435; &#x432;&#x438;&#x440;&#x456;&#x448;&#x438;&#x432; &#x432;&#x442;&#x435;&#x43A;&#x442;&#x438; &#x43D;&#x430;&#x437;&#x430;&#x434; &#x434;&#x43E; &#x434;&#x438;&#x442;&#x44F;&#x447;&#x43E;&#x433;&#x43E; &#x431;&#x443;&#x434;&#x438;&#x43D;&#x43A;&#x443;. &#x416;&#x43E;&#x434;&#x43D;&#x430; &#x437; &#x43F;&#x43E;&#x43F;&#x435;&#x440;&#x435;&#x434;&#x43D;&#x456;&#x445; &#x441;&#x456;&#x43C;&#x435;&#x439; &#x43D;&#x435; &#x445;&#x43E;&#x442;&#x456;&#x43B;&#x430; &#x439;&#x43E;&#x433;&#x43E;. &#x427;&#x43E;&#x43C;&#x443; &#x414;&#x430;&#x439;&#x454;&#x440;&#x441; &#x43C;&#x430;&#x44E;&#x442;&#x44C; &#x431;&#x443;&#x442;&#x438; &#x456;&#x43D;&#x448;&#x438;&#x43C;&#x438;? &#x410;&#x43B;&#x435; &#x414;&#x436;&#x43E;&#x440;&#x434;&#x436; &#x43F;&#x43E;&#x447;&#x438;&#x43D;&#x430;&#x454; &#x43F;&#x43E;&#x447;&#x443;&#x432;&#x430;&#x442;&#x438;&#x441;&#x44F; &#x441;&#x43F;&#x43E;&#x43A;&#x456;&#x439;&#x43D;&#x43E; &#x437; &#x422;&#x43E;&#x43C;&#x43E;&#x43C; &#x414;&#x430;&#x439;&#x454;&#x440;&#x43E;&#x43C; &#x456; &#x439;&#x43E;&#x433;&#x43E; &#x441;&#x435;&#x441;&#x442;&#x440;&#x43E;&#x44E; &#x421;&#x442;&#x43E;&#x440;&#x43C;, &#x43D;&#x430;&#x432;&#x456;&#x442;&#x44C; &#x449;&#x430;&#x441;&#x43B;&#x438;&#x432;&#x438;&#x439;, &#x456; &#x437;&#x43C;&#x456;&#x43D;&#x44E;&#x454; &#x441;&#x432;&#x43E;&#x44E; &#x434;&#x443;&#x43C;&#x43A;&#x443;. &#x412;&#x456;&#x43D; &#x43D;&#x430;&#x432;&#x456;&#x442;&#x44C; &#x43C;&#x456;&#x433; &#x43F;&#x43E;&#x447;&#x443;&#x432;&#x430;&#x442;&#x438;&#x441;&#x44F; &#x432;&#x434;&#x43E;&#x43C;&#x430; &#x437; &#x43D;&#x438;&#x43C;&#x438; &#x2014; &#x447;&#x438; &#x43D;&#x435; &#x442;&#x430;&#x43A;?

&#xAB;&#x414;&#x43E;&#x432;&#x433;&#x438;&#x439; &#x448;&#x43B;&#x44F;&#x445; &#x434;&#x43E;&#x434;&#x43E;&#x43C;&#x443;&#xBB; &#x2014; &#x446;&#x435; &#x43F;&#x440;&#x43E;&#x434;&#x443;&#x43C;&#x430;&#x43D;&#x430; &#x456;&#x441;&#x442;&#x43E;&#x440;&#x456;&#x44F; &#x43F;&#x440;&#x43E; &#x441;&#x438;&#x440;&#x456;&#x442;, &#x441;&#x456;&#x43C;'&#x44E;, &#x43A;&#x43E;&#x445;&#x430;&#x43D;&#x43D;&#x44F; &#x442;&#x430; &#x43F;&#x43E;&#x448;&#x443;&#x43A; &#x43C;&#x456;&#x441;&#x446;&#x44F;, &#x44F;&#x43A;&#x435; &#x43C;&#x43E;&#x436;&#x43D;&#x430; &#x43D;&#x430;&#x437;&#x432;&#x430;&#x442;&#x438; &#x434;&#x43E;&#x43C;&#x43E;&#x43C;.</subfield>
  </datafield>
  <datafield tag="521" ind1=" " ind2=" ">
    <subfield code="a">&#x414;&#x43B;&#x44F; &#x43F;&#x456;&#x434;&#x43B;&#x456;&#x442;&#x43A;&#x456;&#x432;</subfield>
  </datafield>
  <datafield tag="525" ind1=" " ind2=" ">
    <subfield code="a">&#x414;&#x43B;&#x44F; &#x441;&#x442;&#x430;&#x440;&#x448;&#x43E;&#x433;&#x43E; &#x448;&#x43A;&#x456;&#x43B;&#x44C;&#x43D;&#x43E;&#x433;&#x43E; &#x432;&#x456;&#x43A;&#x443;</subfield>
  </datafield>
  <datafield tag="546" ind1=" " ind2=" ">
    <subfield code="a">&#x443;&#x43A;&#x440;.</subfield>
  </datafield>
  <datafield tag="650" ind1=" " ind2=" ">
    <subfield code="a">&#x41B;&#x456;&#x442;&#x435;&#x440;&#x430;&#x442;&#x443;&#x440;&#x43D;&#x43E;-&#x445;&#x443;&#x434;&#x43E;&#x436;&#x43D;&#x435; &#x432;&#x438;&#x434;&#x430;&#x43D;&#x43D;&#x44F;</subfield>
  </datafield>
  <datafield tag="942" ind1=" " ind2=" ">
    <subfield code="2">udc</subfield>
    <subfield code="c">BK</subfield>
  </datafield>
  <datafield tag="999" ind1=" " ind2=" ">
    <subfield code="c">17981</subfield>
    <subfield code="d">17981</subfield>
  </datafield>
  <datafield tag="952" ind1=" " ind2=" ">
    <subfield code="0">0</subfield>
    <subfield code="1">0</subfield>
    <subfield code="2">udc</subfield>
    <subfield code="4">0</subfield>
    <subfield code="7">0</subfield>
    <subfield code="a">MBdD</subfield>
    <subfield code="b">MBdD</subfield>
    <subfield code="d">2026-04-23</subfield>
    <subfield code="e">&#x41F;&#x43E;&#x434;&#x430;&#x440;&#x43E;&#x432;&#x430;&#x43D;&#x456;</subfield>
    <subfield code="i">80876</subfield>
    <subfield code="l">0</subfield>
    <subfield code="o">821(410)</subfield>
    <subfield code="p">19441</subfield>
    <subfield code="r">2026-05-27</subfield>
    <subfield code="w">2026-05-27</subfield>
    <subfield code="y">BK</subfield>
  </datafield>
</record>
